| 000 | 00606nam a2200253Ia 4500 | ||
|---|---|---|---|
| 008 | 210210b2011 xxu||||| |||| 00| 0 eng d | ||
| 020 | _a9780198072577 | ||
| 041 | _aeng | ||
| 082 | _a305.42 RAJG | ||
| 100 | _aRAJU (Saraswati) Ed | ||
| 245 | _aGendered geographies: space and place in South Asia | ||
| 260 |
_aNew Delhi _bOxford University Press _c2011 |
||
| 300 | _axv, 316 | ||
| 650 | _aspace | ||
| 650 | _aSouth | ||
| 650 | _aplace | ||
| 650 | _ain | ||
| 650 | _ageographies: | ||
| 650 | _aGendered | ||
| 650 | _aAsia | ||
| 650 | _aand | ||
| 690 | _aWomen Studies | ||
| 906 | _a068032 | ||
| 999 |
_c152138 _d152138 |
||